इसे छोड़कर सामग्री पर बढ़ने के लिए
Inicio
Centros participantes
Catálogo
Servicios
Contacto
लॉग इन करें
English
Deutsch
Español
Français
Italiano
日本語
Nederlands
Português
Português (Brasil)
中文(简体)
中文(繁體)
Türkçe
עברית
Gaeilge
Cymraeg
Ελληνικά
Català
Euskara
Русский
Čeština
Suomi
Svenska
polski
Dansk
slovenščina
اللغة العربية
বাংলা
Galego
Tiếng Việt
Hrvatski
हिंदी
Հայերէն
Українська
Sámegiella
भाषा
सभी फ़ील्ड्स
शीर्षक
लेखक
विषय
बोधानक
आईएसबीएन / आईएसएसएन
टैग
खोज
उन्नत
Reglamentos relativos a la ley...
इसे उद्धृत करें
इसे ईमेल करें
प्रिंट
निर्यात रिकॉर्ड
को निर्यात RefWorks
को निर्यात EndNoteWeb
को निर्यात EndNote
सूची में सहेजें
स्थायी लिंक
पहली रेटिंग जोड़ें
Reglamentos relativos a la ley del Sistema Nacional de Planificación
में बचाया:
ग्रंथसूची विवरण
निगमित लेखक:
Costa Rica. Oficina de Planificación Nacional y Política Económica
स्वरूप:
मूलपाठ
प्रकाशित:
San José:
OFIPLAN
टैग:
टैग जोड़ें
कोई टैग नहीं, इस रिकॉर्ड को टैग करने वाले पहले व्यक्ति बनें!
होल्डिंग्स
विवरण
टिप्पणियाँ
समान संसाधन
स्टाफ के लिए
MARC
LEADER
00000 a a2200000 04500
001
16341
003
040
090
|a
013300
110
|a
Costa Rica. Oficina de Planificación Nacional y Política Económica
245
|a
Reglamentos relativos a la ley del Sistema Nacional de Planificación
260
|a
San José:
|b
OFIPLAN
300
|a
104 p.
999
|c
6132
|d
6132
समान संसाधन
Evaluación del año de actividades: julio 1976 - junio 1977
El Desarrollo de la educación en el Perú y la dominación interna /
द्वारा: Bernales B, Enrique
Estudio de conocimiento y opinión política sobre la asamblea constituyente en la población electoral de Lima metropolitana/
द्वारा: Aramburú, Carlos E.
Memoria Primera Conferencia Regional sobre Educación y Desarrollo
Ley de Catastro Nacional y su reglamento
प्रकाशित: (2009)